| 000 | 00383nam a2200145Ia 4500 | ||
|---|---|---|---|
| 008 | 230917s9999||||xx |||||||||||||| ||und|| | ||
| 040 |
_e95093 _aMAIN |
||
| 041 | _aEnglish | ||
| 082 | _a820.09 M312M | ||
| 100 | _aPanja, Shormishtha, ed. | ||
| 245 | 0 | _aMany India's, many literature: New critical essays | |
| 260 |
_aDelhi _bWorldview _c1999 |
||
| 300 | _avi, 210 p. | ||
| 942 | _cBK | ||
| 999 |
_c114096 _d114096 |
||